1629 1915 1357 1547 1012 1726 1838 1137 1855 1420 1469 1400 1845 1604 1904 1271 1744 1566 1541 1982 1265 1476 1555 1955 1961 1274 1914 1275 1870 1578 1220 1306 1035 1065 1985 1129 1755 1353 1219 1720 1683 1609 1668 1355 1763 1311 1783 1948 1489 1394 1060 1724 1128 1125 1384 1528 1840 1663 1020 1045 1952 1767 1975 1553 1728 1938 1471 1604 1738 1948 1575 1187 1612 1922 1869 1415 1323 1556 1897 1761 1056 1413 1360 1126 1747 1218 1548 1736 1257 1792 1623 1948 1390 1243 1612 1911 1703 1195 1341 BCNSPRNW ULIB Ver.6.0+V

เปลี่ยนเป็นภาษาไทย

Change to English
 แสดงรายละเอียดบรรณานุกรม
  กลับหน้าหลัก

Brief Record : Get Marc (ISO 2709) : E-mail record : QR code < ปิดหน้าต่าง
LEADER : 00000nam 2200000uu 4500
001    13399126932
003     ULIB
008    190907s2562||||th 000 0 tha d
020    ^a9786164432680
060    ^aWB115^bร275อ
100    ^aระวีวรรณ เลิศวัฒนารักษ์ มณฑิรา มณีรัตนะพร สุรัตน์ ทองอยู่ และนัฐพล ฤทธิ์ทยมัย
245    ^aอายุรศาสตร์ทันยุค ๒๕๖๒(Update in Internal Medicine 2019)
250    ^aพิมพ์ครั้งที่ 1
260    ^aกรุงเทพฯ :^bภาควิชาอายุรศาสตร์ คณะแพทยศาสตร์ศิริราชพยาบาล,^c2562
300    ^a395 หน้า^bภาพประกอบ, ตาราง, ภาคผนวก
650    ^aอายุรศาสตร์
945    ^p400^l0^i27639
945    ^p400^l0^i27638
945    ^p400^l0^i27637
945    ^p400^l0^i27636
945    ^p400^l0^i27635
945    ^p400^l0^i28134
945    ^p400^l0^i28135
999    ^aกัณชพร จุลอักษร
รายการนี้ยังไม่มีแท็ก
คุณยังไม่ได้ล็อกอิน คุณสามารถมีกิจกรรมร่วมกับเว็บไซต์ได้ แต่ต้องล็อกอินก่อน ::
  ล็อกอิน

รายการสื่อสารสนเทศ

ลำดับที่ ประเภท เลขเรียก/บาร์โค้ด สถานที่ สถานะ
1. หนังสือสำรอง
หนังสือสำรอง
WB115 ร275อ ฉ.1 
  Barcode: 27635
ห้องสมุดวิทยาเขตนครสวรรค์
►หนังสือทั่วไป:l:General Books
บนชั้น
2. วิทยาศาสตร์การแพทย์ และสุขภาพ
วิทยาศาสตร์การแพทย์ และสุขภาพ
WB115 ร275อ ฉ.2 
  Barcode: 27636
ห้องสมุดวิทยาเขตนครสวรรค์
►หนังสือทั่วไป:l:General Books
บนชั้น
3. วิทยาศาสตร์การแพทย์ และสุขภาพ
วิทยาศาสตร์การแพทย์ และสุขภาพ
WB115 ร275อ ฉ.3 
  Barcode: 27637
ห้องสมุดวิทยาเขตนครสวรรค์
►หนังสือทั่วไป:l:General Books
บนชั้น
4. วิทยาศาสตร์การแพทย์ และสุขภาพ
วิทยาศาสตร์การแพทย์ และสุขภาพ
WB115 ร275อ ฉ.4 
  Barcode: 27638
ห้องสมุดวิทยาเขตนครสวรรค์
►หนังสือทั่วไป:l:General Books
บนชั้น
5. วิทยาศาสตร์การแพทย์ และสุขภาพ
วิทยาศาสตร์การแพทย์ และสุขภาพ
WB115 ร275อ ฉ.5 
  Barcode: 27639
ห้องสมุดวิทยาเขตนครสวรรค์
►หนังสือทั่วไป:l:General Books
บนชั้น
6. วิทยาศาสตร์การแพทย์ และสุขภาพ
วิทยาศาสตร์การแพทย์ และสุขภาพ
WB115 ร275อ ฉ.6 
  Barcode: 28134
ห้องสมุดวิทยาเขตนครสวรรค์
►หนังสือทั่วไป:l:General Books
บนชั้น
7. วิทยาศาสตร์การแพทย์ และสุขภาพ
วิทยาศาสตร์การแพทย์ และสุขภาพ
WB115 ร275อ ฉ.7 
  Barcode: 28135
ห้องสมุดวิทยาเขตนครสวรรค์
►หนังสือทั่วไป:l:General Books
บนชั้น

รายการใกล้เคียง
    ชื่อเรื่อง [อายุรศาสตร์ทันยุค ๒๕๖๒(Update in Internal Medicine 2019)]

    ผู้แต่ง [ระวีวรรณ เลิศวัฒนารักษ์ มณฑิรา มณีรัตนะพร สุรัตน์ ทองอยู่ และนัฐพล ฤทธิ์ทยมัย]

    หัวเรื่อง [อายุรศาสตร์]

BibComment


ยังไม่เคยถูกคอมเมนท์

คอมเมนท์ทรัพยากรรายการนี้
  คอมเมนท์: อายุรศาสตร์ทันยุ..


 Copyright 2026. Bcnsprnw @Library